000 00982nam a22002057a 4500
003 BUBTL
008 211101b ||||| |||| 00| 0 eng d
020 _a9789844327177
082 _a954.925/ M3111b/ 2019
100 _91756
_a মামুন, মুনতাসীর
245 _aবঙ্গবন্ধুর জীবন:
_bছাত্র রাজনীতি থেকে জাতীয় রাজনীতি( ১৯২০-১৯৪৯) /
_cমুনতাসীর মামুন
250 _a1st ed.
260 _aঢাকা:
_bঅনন্যা,
_cc2019
300 _a240 p.:
_bills.;
_c18.5 cm.
505 _aবঙ্গবন্ধুর জীবন,ছাত্র রাজনীতি, জাতীয় রাজনীতি, মুনতাসীর মামুন, Bangabandhu, বঙ্গবন্ধু
650 0 _93574
_aবঙ্গবন্ধু
856 _k0
_l0
_yDownload
942 _2ddc
_cBK
999 _c6568
_d6568